000 00405nam a22001577a 4500
003 SGT
020 _a9788173918681
082 _a150
_bD23A
100 _aAHUJA, PRIYAM
245 _aDSE(ASD) MANUAL OF HUMAN DEVELOPMENT AND PSYCHOLOGY
260 _aINDIA
_bKANISHKA PUB
_c2023
300 _a123
650 _aPSYCHOLOGY
653 _aDSE(ASD) MANUAL HUMAN DEVELOPMENT AND PSYCHOLOGY
942 _2ddc
_cBK
999 _c27051
_d27051